مغربی تن قید: (Record no. 194121)

MARC details
000 -LEADER
fixed length control field 00671nam a22001937a 4500
005 - DATE AND TIME OF LATEST TRANSACTION
control field 20221207171227.0
010 ## - LCCN (DPL NO)
LC control number UR-11776
020 ## - INTERNATIONAL STANDARD BOOK NUMBER
International Standard Book Number 9789394616622
Terms of availability 400.00
035 ## - SYSTEM CONTROL NUMBER
System control number U-10331
037 ## - SOURCE OF ACQUISITION
Source of stock number/acquisition DBAD/PUB
Stock number -
082 ## - DEWEY DECIMAL CLASSIFICATION NUMBER
Classification number 840.8
100 ## - MAIN ENTRY--PERSONAL NAME
Personal name ہلال احمد حجام
245 ## - TITLE STATEMENT
Title مغربی تن قید:
Remainder of title فکر تہ نظر /
Statement of responsibility, etc ہلال احمد حجام
Medium ا ر د و
246 ## - VARYING FORM OF TITLE
Title proper/short title Magribi Tanqeed: Fikir Te Nazar /
Remainder of title by Hilal Ahmad Hajam
260 ## - PUBLICATION, DISTRIBUTION, ETC. (IMPRINT)
Place of publication, distribution, etc New Delhi
Name of publisher, distributor, etc Educational Publishing House
Date of publication, distribution, etc 2022 ء
270 ## - ADDRESS
Address H.O. D1/16, Ansari Road, Daryaganj
City New Delhi
Postal code 110002
300 ## - PHYSICAL DESCRIPTION
Extent 103 ص
Dimensions 22cm(Hb)
942 ## - ADDED ENTRY ELEMENTS (KOHA)
Source of classification or shelving scheme Dewey Decimal Classification
Item type Urdu Bks
Classification part 840.8
Call number suffix ہ ل ا
Holdings
Withdrawn status Lost status Not for loan Collection code Home library Current library Date acquired Source of acquisition Cost, normal purchase price Full call number Barcode Copy number Cost, replacement price Koha item type
      Non-fiction Central Library Central Library 07/12/2022 DBAD/PUB 400.00 840.8 ہ ل ا U-10331 1 400.00 Urdu Bks

© Delhi Public Library
Hit Counter
free hit counter